000
00250nam a22001097a 4500
040
_c
SK
082
_a
303
100
_a
វុន វ៉ារី
245
_a
ភាពជាអ្នកដឹកនាំ
260
_a
RUA
_b
វុន
_c
NA
942
_c
KB
999
_c
9822
_d
9822